[Event "Titled Tuesday intern op 16th Apr Early"]
[Site "Chess.com INT"]
[Date "2024.04.16"]
[Round "1"]
[White "Gubajdullin, Alexey"]
[Black "Tarasova, Viktoriya"]
[Result "1/2-1/2"]
[WhiteElo "2229"]
[BlackElo "2226"]
[PlyCount "118"]
[EventDate "2024.04.16"]
[EventType "swiss (blitz)"]
[EventRounds "11"]
[EventCountry "USA"]
[SourceTitle "CB17_2024"]
[SourceDate "2024.04.24"]
[SourceVersion "1"]
[SourceVersionDate "2024.04.24"]
[SourceQuality "1"]

1. Nf3 Nf6 2. g3 b6 3. Bg2 Bb7 4. 0-0 c5 5. c4 e6 6. b3 Be7 7. Bb2 0-0 8. Nc3 Na6 9. e3 d5 10. Qe2 d4 11. exd4 cxd4 12. Nb5 d3 13. Qe5 Nc5 14. Nfd4 Bxg2 15. Kxg2 Qc8 16. Nd6 Qb8 17. N4f5 Bxd6 18. Nxd6 Rd8 19. Nb5 a6 20. Qxb8 Raxb8 21. Bxf6 gxf6 22. Nc3 f5 23. Rfe1 b5 24. cxb5 axb5 25. Rac1 b4 26. Nd1 Rdc8 27. Nb2 f6 28. Rc4 Ne4 29. Rxc8+ Rxc8 30. Nxd3 Rc2 31. Nxb4 Rxd2 32. Rf1 Nc3 33. a4 Rb2 34. Ra1 Rxb3 35. Nc6 Rb6 36. Nd4 Kf7 37. a5 Ra6 38. Nb3 Nd5 39. Nc5 Ra7 40. a6 Ke7 41. Rb1 Kd6 42. Rb7 Ra8 43. Nd3 Rxa6 44. Rxh7 Ra2 45. h4 Ne3+ 46. Kg1 Ng4 47. h5 Rd2 48. Rh8 Ke7 49. h6 Nxh6 50. Rh7+ Kd6 51. Rxh6 Rxd3 52. Rxf6 Rd1+ 53. Kg2 Ke7 54. Rh6 Rd2 55. Kf3 Kf7 56. Rh7+ Kf6 57. Rh6+ Kf7 58. Rh8 Kf6 59. Rh6+ Kf7 1/2-1/2

[Event "Titled Tuesday intern op 12th Mar Early"]
[Site "Chess.com INT"]
[Date "2024.03.12"]
[Round "11"]
[White "Mwale, Joseph"]
[Black "Tarasova, Viktoriya"]
[Result "1-0"]
[WhiteElo "2043"]
[BlackElo "2226"]
[PlyCount "73"]
[EventDate "2024.03.12"]
[EventType "swiss (blitz)"]
[EventRounds "11"]
[EventCountry "USA"]
[SourceTitle "CB12_2024"]
[SourceDate "2023.10.01"]
[SourceVersion "1"]
[SourceVersionDate "2023.10.01"]
[SourceQuality "1"]

1. e4 e5 2. Nf3 Nc6 3. d4 exd4 4. Bc4 Bc5 5. c3 Nf6 6. cxd4 Bb4+ 7. Bd2 Bxd2+ 8. Nbxd2 d5 9. exd5 Nxd5 10. 0-0 0-0 11. Re1 Be6 12. a3 Nce7 13. Ne4 c6 14. Nc5 Bc8 15. Qc2 Qc7 16. Ne5 Bf5 17. Bd3 Bxd3 18. Qxd3 Ng6 19. Nxg6 hxg6 20. Re5 Rad8 21. Rae1 b6 22. Nb3 Qd6 23. Qf3 Qd7 24. h4 Rfe8 25. h5 Rxe5 26. Rxe5 gxh5 27. Qxh5 Nf6 28. Qe2 a5 29. Re7 Qd5 30. Qc2 a4 31. Nd2 Qxd4 32. Nf3 Qd1+ 33. Qxd1 Rxd1+ 34. Kh2 Rb1 35. Rc7 c5 36. Ng5 Rxb2 37. Rc8+ 1-0

[Event "Titled Tuesday intern op 12th Dec Early"]
[Site "Chess.com INT"]
[Date "2023.12.12"]
[Round "1"]
[White "Banzea, Alexandru Bogdan"]
[Black "Tarasova, Viktoriya"]
[Result "1-0"]
[WhiteElo "2394"]
[BlackElo "2226"]
[PlyCount "73"]
[EventDate "2023.12.12"]
[EventType "swiss (blitz)"]
[EventRounds "11"]
[EventCountry "USA"]
[SourceTitle "CB51_2023"]
[SourceDate "2023.12.20"]
[SourceVersion "1"]
[SourceVersionDate "2023.12.20"]
[SourceQuality "1"]

1. d4 Nf6 2. Nc3 d5 3. Bf4 a6 4. e3 e6 5. a3 Bd6 6. Nf3 0-0 7. Bd3 c5 8. dxc5 Bxc5 9. 0-0 Nc6 10. e4 dxe4 11. Nxe4 Nxe4 12. Bxe4 h6 13. c3 Bd7 14. Bd6 Bxd6 15. Qxd6 Qc8 16. Rfd1 Rd8 17. Qf4 Be8 18. g4 Qb8 19. Qxb8 Raxb8 20. Kf1 Rxd1+ 21. Rxd1 Rd8 22. Rxd8 Nxd8 23. Ke2 Kf8 24. Ke3 Ke7 25. Ne5 Kd6 26. f4 f6 27. Nc4+ Kc7 28. b4 Bc6 29. Nd2 Bxe4 30. Nxe4 Nc6 31. Nc5 Nd8 32. c4 Kc6 33. Ke4 a5 34. Nd3 axb4 35. axb4 b6 36. b5+ Kd6 37. Kd4 1-0

[Event "Titled Tuesday intern op 26th Sep Early"]
[Site "Chess.com INT"]
[Date "2023.09.26"]
[Round "1"]
[White "Bashirli, Nail Qoshqar"]
[Black "Tarasova, Viktoriya"]
[Result "1-0"]
[WhiteElo "2327"]
[BlackElo "2226"]
[PlyCount "43"]
[EventDate "2023.09.26"]
[EventType "swiss (blitz)"]
[EventRounds "11"]
[EventCountry "USA"]
[SourceTitle "EXT 2024"]
[Source "ChessBase"]
[SourceDate "2023.10.10"]
[SourceVersion "1"]
[SourceVersionDate "2023.10.10"]
[SourceQuality "1"]

1. e4 e5 2. Nf3 Nc6 3. Nc3 Nf6 4. Bb5 Nd4 5. Nxd4 exd4 6. e5 dxc3 7. exf6 Qxf6 8. dxc3 Be7 9. 0-0 0-0 10. Re1 c6 11. Bd3 d5 12. Qh5 g6 13. Qh6 Bc5 14. Bf4 Qg7 15. Qh4 h5 16. b4 Bb6 17. Bd6 Rd8 18. Be7 Re8 19. Bf6 Qf8 20. Qg5 Re6 21. Rxe6 Bxe6 22. Bxg6 1-0

[Event "Titled Tuesday intern op 19th Sep Early"]
[Site "Chess.com INT"]
[Date "2023.09.19"]
[Round "10"]
[White "Tarasova, Viktoriya"]
[Black "Czerw, Dawid"]
[Result "0-1"]
[WhiteElo "2226"]
[BlackElo "2400"]
[PlyCount "54"]
[EventDate "2023.09.19"]
[EventType "swiss (blitz)"]
[EventRounds "11"]
[EventCountry "USA"]
[SourceTitle "EXT 2024"]
[Source "ChessBase"]
[SourceDate "2023.10.10"]
[SourceVersion "1"]
[SourceVersionDate "2023.10.10"]
[SourceQuality "1"]

1. d4 d5 2. c4 c6 3. Nf3 Nf6 4. Nc3 a6 5. e3 b5 6. b3 Bg4 7. Be2 e6 8. h3 Bxf3 9. Bxf3 Nbd7 10. 0-0 Bb4 11. Bb2 0-0 12. Qc2 Rb8 13. Rfc1 Qe7 14. a4 bxc4 15. bxc4 Nb6 16. Be2 Bxc3 17. Qxc3 Ne4 18. Qc2 Qh4 19. Bd3 f5 20. a5 Nxc4 21. Bxc4 dxc4 22. Ba3 c3 23. Bxf8 Rb2 24. g3 Nxg3 25. Qd3 Ne4 26. Qf1 Rxf2 27. Qe1 Qg3+ 0-1

[Event "Titled Tuesday intern op 19th Sep Early"]
[Site "Chess.com INT"]
[Date "2023.09.19"]
[Round "7"]
[White "Tarasova, Viktoriya"]
[Black "Delgado Kuffo, Andres"]
[Result "0-1"]
[WhiteElo "2226"]
[BlackElo "2320"]
[PlyCount "64"]
[EventDate "2023.09.19"]
[EventType "swiss (blitz)"]
[EventRounds "11"]
[EventCountry "USA"]
[SourceTitle "EXT 2024"]
[Source "ChessBase"]
[SourceDate "2023.10.10"]
[SourceVersion "1"]
[SourceVersionDate "2023.10.10"]
[SourceQuality "1"]

1. d4 Nf6 2. c4 d6 3. Nf3 c5 4. Nc3 cxd4 5. Nxd4 g6 6. e4 Nc6 7. Be2 Nxd4 8. Qxd4 Bg7 9. 0-0 0-0 10. Qd3 Be6 11. Be3 Qa5 12. Nd5 Nxd5 13. cxd5 Bd7 14. Qb3 b5 15. Rac1 Rfc8 16. a3 Qa4 17. Qxa4 bxa4 18. Ba6 Rxc1 19. Rxc1 Bxb2 20. Rc7 Rd8 21. Bxa7 Bxa3 22. Bb6 Rb8 23. Bb7 Bb5 24. Rxe7 Bc5 25. Bxc5 dxc5 26. h3 a3 27. Bc6 Bxc6 28. dxc6 a2 29. Ra7 Rb1+ 30. Kh2 a1Q 31. Rxa1 Rxa1 32. c7 Ra8 0-1

[Event "Titled Tuesday intern op 19th Sep Early"]
[Site "Chess.com INT"]
[Date "2023.09.19"]
[Round "2"]
[White "Tarasova, Viktoriya"]
[Black "Demchenko, Anton"]
[Result "0-1"]
[WhiteElo "2226"]
[BlackElo "2608"]
[PlyCount "154"]
[EventDate "2023.09.19"]
[EventType "swiss (blitz)"]
[EventRounds "11"]
[EventCountry "USA"]
[SourceTitle "EXT 2024"]
[Source "ChessBase"]
[SourceDate "2023.10.10"]
[SourceVersion "1"]
[SourceVersionDate "2023.10.10"]
[SourceQuality "1"]

1. d4 Nf6 2. c4 d6 3. Nf3 Nc6 4. d5 Ne5 5. Nxe5 dxe5 6. Nc3 e6 7. e4 Bc5 8. Be2 0-0 9. 0-0 c6 10. dxc6 bxc6 11. Qxd8 Rxd8 12. Bg5 Rb8 13. Rad1 Bd4 14. b3 Bb7 15. Na4 c5 16. Bxf6 gxf6 17. Bf3 Bc6 18. Rd2 Bxa4 19. bxa4 Rb4 20. Bd1 Rxc4 21. Bb3 Rc3 22. Rc2 Rxc2 23. Bxc2 c4 24. Rd1 Kf8 25. Kf1 Ke7 26. Ke2 Kd6 27. Rb1 Kc7 28. Rb4 c3 29. Rb3 Rd6 30. f3 Rc6 31. h3 h6 32. Kd3 Rd6 33. Ke2 h5 34. Bd3 h4 35. Rb4 Rd8 36. Rc4+ Kd6 37. Rb4 Rg8 38. Kf1 Rc8 39. Bc2 a6 40. Rb7 Kc6 41. Rb3 Kc5 42. Ke2 Rg8 43. Kf1 Kc4 44. Rb7 Kc5 45. Rb3 Kc6 46. Bd3 a5 47. Rb5 Ra8 48. Ke2 Kc7 49. Ke1 Kd7 50. Ke2 Ke7 51. Ke1 Kf8 52. Ke2 Kg7 53. Bc2 Kg6 54. Kd3 Kg5 55. Ke2 Kf4 56. Rb7 Kg3 57. Kf1 Rf8 58. Rb5 Ra8 59. Rb7 Ra6 60. Rb5 Kf4 61. Rb7 Ra8 62. Ke2 Rg8 63. Kf1 Rd8 64. Ke2 Rc8 65. Rb5 Ra8 66. Rb3 Ra7 67. Rb5 f5 68. exf5 exf5 69. Rd5 f6 70. Rb5 Rg7 71. Kf1 e4 72. fxe4 fxe4 73. Rh5 f5 74. Rxh4+ Ke3 75. Rh5 Kd2 76. Bb3 e3 77. Bc4 c2 0-1

[Event "Titled Tuesday intern op 29th Aug Early"]
[Site "Chess.com INT"]
[Date "2023.08.29"]
[Round "7"]
[White "Masague Artero, Guerau"]
[Black "Tarasova, Viktoriya"]
[Result "1-0"]
[WhiteElo "2296"]
[BlackElo "2226"]
[PlyCount "85"]
[EventDate "2023.08.29"]
[EventType "swiss (blitz)"]
[EventRounds "11"]
[EventCountry "USA"]
[SourceTitle "EXT 2024"]
[Source "ChessBase"]
[SourceDate "2023.10.10"]
[SourceVersion "1"]
[SourceVersionDate "2023.10.10"]
[SourceQuality "1"]

1. e4 e5 2. Nc3 Nf6 3. f4 d5 4. fxe5 Nxe4 5. Qf3 f5 6. d3 Nxc3 7. bxc3 d4 8. c4 Nc6 9. Qg3 Bb4+ 10. Kd1 0-0 11. Be2 Ne7 12. Rb1 Bc5 13. Bf3 c6 14. Ne2 Ng6 15. h4 Qe7 16. h5 Nxe5 17. h6 g6 18. Bg5 Qe8 19. Nf4 Bd6 20. Re1 Qf7 21. Qf2 Ng4 22. Qxd4 Bc7 23. Re7 Be5 24. Qc5 b6 25. Rxf7 bxc5 26. Rxf8+ Kxf8 27. Bxc6 Rb8 28. Rxb8 Bxb8 29. Ke2 Be5 30. Bd5 Bd4 31. Be6 Bb7 32. Nd5 Bxd5 33. cxd5 Ke8 34. c4 Kf8 35. d6 Be5 36. d7 Bc7 37. d8Q+ Bxd8 38. Bxd8 Nxh6 39. d4 cxd4 40. c5 Ke8 41. Bg5 Ng4 42. c6 Ne5 43. c7 1-0

[Event "Titled Tuesday intern op 29th Aug Early"]
[Site "Chess.com INT"]
[Date "2023.08.29"]
[Round "11"]
[White "Tarasova, Viktoriya"]
[Black "Souleidis, Georgios"]
[Result "1/2-1/2"]
[WhiteElo "2226"]
[BlackElo "2419"]
[PlyCount "103"]
[EventDate "2023.08.29"]
[EventType "swiss (blitz)"]
[EventRounds "11"]
[EventCountry "USA"]
[SourceTitle "EXT 2024"]
[Source "ChessBase"]
[SourceDate "2023.10.10"]
[SourceVersion "1"]
[SourceVersionDate "2023.10.10"]
[SourceQuality "1"]

1. d4 Nf6 2. c4 g6 3. Nc3 Bg7 4. e4 d6 5. h3 0-0 6. Be3 Nbd7 7. Be2 c5 8. d5 b5 9. cxb5 a6 10. a4 Qa5 11. Bd2 Qb6 12. Nf3 axb5 13. Bxb5 Ba6 14. 0-0 Rfb8 15. Qc2 Bxb5 16. Nxb5 Ne8 17. Bc3 Bh6 18. e5 Nc7 19. Nxc7 Qxc7 20. e6 fxe6 21. dxe6 Nf8 22. Qe4 Qb7 23. Qg4 Qd5 24. Rfe1 Bg7 25. Ng5 Qf5 26. Qg3 Bxc3 27. bxc3 Ra5 28. Nf7 Qf6 29. Nxd6 exd6 30. e7 Re8 31. exf8Q+ Rxf8 32. Re2 d5 33. Rae1 Ra6 34. Qd3 Rd6 35. a5 d4 36. cxd4 Rxd4 37. Qb3+ c4 38. Qc3 Rf4 39. Qxf6 R8xf6 40. Rc2 Ra6 41. Rec1 Rxa5 42. Rxc4 Rxc4 43. Rxc4 Ra1+ 44. Kh2 Ra7 45. Rf4 Kg7 46. Rf3 Rb7 47. Kg3 Rc7 48. h4 Rb7 49. Kh3 Rc7 50. Kg3 Rd7 51. Kh3 Rc7 52. Kg3 1/2-1/2

[Event "Titled Tuesday intern op 25th Jul Early"]
[Site "Chess.com INT"]
[Date "2023.07.25"]
[Round "11"]
[White "Khouri, Ahmed Abbas"]
[Black "Tarasova, Viktoriya"]
[Result "1-0"]
[WhiteElo "1963"]
[BlackElo "2226"]
[PlyCount "53"]
[EventDate "2023.07.25"]
[EventType "swiss (blitz)"]
[EventRounds "11"]
[EventCountry "USA"]
[SourceTitle "EXT 2024"]
[Source "ChessBase"]
[SourceDate "2023.10.10"]
[SourceVersion "1"]
[SourceVersionDate "2023.10.10"]
[SourceQuality "1"]

1. e4 c5 2. Nf3 d6 3. d4 cxd4 4. Qxd4 Nc6 5. Bb5 Bd7 6. Bxc6 Bxc6 7. Nc3 Nf6 8. Bg5 e6 9. 0-0-0 Be7 10. Qd3 0-0 11. Nd4 Qa5 12. h4 Rfc8 13. Kb1 Be8 14. f4 a6 15. g4 b5 16. Bxf6 Bxf6 17. g5 Be7 18. h5 b4 19. Nce2 Bd7 20. g6 fxg6 21. hxg6 h6 22. f5 exf5 23. exf5 Rf8 24. Ng3 Bf6 25. Qd2 Qe5 26. Rxh6 Qxg3 27. Rh7 1-0

[Event "Titled Tuesday intern op 25th Jul Late"]
[Site "Chess.com INT"]
[Date "2023.07.25"]
[Round "5"]
[White "Martins, Bruno Andre Leite"]
[Black "Tarasova, Viktoriya"]
[Result "0-1"]
[WhiteElo "2342"]
[BlackElo "2226"]
[PlyCount "82"]
[EventDate "2023.07.25"]
[EventType "swiss (blitz)"]
[EventRounds "11"]
[EventCountry "USA"]
[SourceTitle "EXT 2024"]
[Source "ChessBase"]
[SourceDate "2023.10.10"]
[SourceVersion "1"]
[SourceVersionDate "2023.10.10"]
[SourceQuality "1"]

1. d4 Nf6 2. c4 e6 3. Nf3 b6 4. Nc3 Bb4 5. Qc2 Bb7 6. g3 0-0 7. Bg2 d6 8. 0-0 Nbd7 9. a3 Bxc3 10. Qxc3 Be4 11. b4 c6 12. Bb2 Rc8 13. Rfe1 d5 14. Rac1 Qe7 15. Bh3 h6 16. Nd2 Bg6 17. Bg2 Rfd8 18. Qb3 Ne4 19. Nxe4 Bxe4 20. f3 Bg6 21. e4 dxc4 22. Qxc4 f6 23. Qb3 Bf7 24. Qa4 Nb8 25. Red1 e5 26. dxe5 fxe5 27. Qc2 Rxd1+ 28. Rxd1 c5 29. Qc3 Nc6 30. bxc5 bxc5 31. f4 Nd4 32. Kh1 Rb8 33. a4 Rb3 34. Qc1 exf4 35. Bxd4 cxd4 36. Qc8+ Kh7 37. gxf4 d3 38. e5 Bg6 39. Qg4 Qf7 40. Qg3 d2 41. h3 Rxg3 0-1